Statystyki dla Wszyscy członkowie SB Maffija / SBM Label

Kliknij tutaj aby rozwiązać quiz!

Ogólne statystyki

  • Ten quiz został rozwiązany 97 razy
  • Średni wynik to 20 z 48

Statystyki odpowiedzi

Odpowiedź% Poprawnych
Bedoes
97%
Białas
94%
White 2115
94%
Solar
91%
Mata
88%
Lanek
81%
Jan-Rapowanie
77%
Beteo
75%
Fukaj
73%
Kacperczyk
72%
Kinny Zimmer
70%
Janusz Walczuk
69%
Nypel
64%
Tomb
63%
Adi Nowak
55%
Quebonafide
48%
Żabson
47%
Deys
44%
Moli
42%
Michał Anioł
41%
ADM
39%
Deemz
39%
Szaran
39%
Bryan
38%
Jacuś
36%
po prostu Kajtek
36%
Wac ToJa
36%
DJ Johny
30%
Koldi
28%
Zui
28%
Kubi Producent
23%
Wroobel
23%
Pedro
19%
Bonson
17%
Mario
17%
WoLa
17%
Wyguś
17%
SKUTE BOBO
16%
Slowez
14%
Francis
13%
Danny
11%
Blejk
8%
Dorota
8%
Hary
8%
Jakub Grabowski
8%
Nocny
8%
Neile
5%
Pliki
0%

Rozkład punktacji

Percentyl według liczby udzielonych odpowiedzi

Procent ludzi z każdym wynikiem

Twoja historia wyników

Nie rozwiązałeś tego quizu